Internetworking with TCP/IP (Record no. 2153)

000 -LEADER
fixed length control field 00636nam a2200229 a 4500
001 - CONTROL NUMBER
control field 2153
003 - CONTROL NUMBER IDENTIFIER
control field BD-DhUET
008 - FIXED-LENGTH DATA ELEMENTS--GENERAL INFORMATION
fixed length control field 950210m19951999njua b 001 0 eng
020 ## - INTERNATIONAL STANDARD BOOK NUMBER
International Standard Book Number 8120322851
040 ## - CATALOGING SOURCE
Original cataloging agency DLC
Transcribing agency DLC
Modifying agency BD-DhUET
082 00 - DEWEY DECIMAL CLASSIFICATION NUMBER
Classification number 004.62
Item number COM/1999
100 1# - MAIN ENTRY--PERSONAL NAME
Personal name Comer, Douglas.
245 10 - TITLE STATEMENT
Title Internetworking with TCP/IP
250 ## - EDITION STATEMENT
Edition statement 3rd ed.
260 ## - PUBLICATION, DISTRIBUTION, ETC. (IMPRINT)
Place of publication, distribution, etc. New Delhi
Name of publisher, distributor, etc. Prentice-Hall
Date of publication, distribution, etc. 1999
300 ## - PHYSICAL DESCRIPTION
Extent xxi,660p.
Other physical details ill.
Dimensions 24 cm.
500 ## - GENERAL NOTE
General note Volume- II : Design, implementation, and internals
504 ## - BIBLIOGRAPHY, ETC. NOTE
Bibliography, etc Includes bibliographies
650 #0 - SUBJECT ADDED ENTRY--TOPICAL TERM
Topical term or geographic name as entry element Computer networking-Protocols
700 ## - ADDED ENTRY--PERSONAL NAME
Personal name Stevens, David L.
942 ## - ADDED ENTRY ELEMENTS (KOHA)
Koha item type General Book
Holdings
Koha item type Koha full call number Not for loan Damaged status Piece designation (barcode) Location (home branch) Sublocation or collection (holding branch) Shelving location Price effective from Koha date last seen Withdrawn status Date acquired Lost status Copy number Koha normalized classification for sorting Source of classification or shelving scheme
General Book004.62/COM/1995  101260Central Library, BUETCentral Library, BUETCirculation section2014-09-202014-09-20 2014-09-20 1004_620000000000000_COM_1995 
General Book004.62/COM/1999  101259Central Library, BUETCentral Library, BUETCirculation section2014-10-222014-10-22 2014-10-22 2004_620000000000000_COM_1999 
General Book004.62/COM/1999  99962Central Library, BUETCentral Library, BUETReading section2015-06-062015-06-06 2015-06-06 3004_620000000000000_COM_1999